Statistiques concernant Principaux partis de gauche et de droite dans le monde

Cliquez ici pour prendre le quiz!

Statistiques générales

  • Ce quiz a été pris 89 fois
  • Le résultat moyen est 8 sur 12

Statistiques - réponses

PaysPositionParti% Correct
FranceDroiteLes Républicains
95%
FranceGaucheParti socialiste
94%
Etats-UnisDroiteParti républicain
91%
Etats-UnisGaucheParti démocrate
89%
Royaume-UniGaucheParti travailliste
71%
Royaume-UniDroiteParti conservateur
70%
AllemagneDroiteUnion chrétienne-démocrate
69%
AllemagneGaucheParti social-démocrate d'Allemagne
65%
EspagneGaucheParti socialiste ouvrier espagnol
55%
EspagneDroiteParti populaire
44%
BelgiqueGaucheParti socialiste
44%
BelgiqueDroiteMouvement réformateur
28%

Distribution des résultats

Percentile par nombre de réponses

% des personnes avec chaque résultat

Votre développement - résultats

Vous n’avez pas pris ce quiz